[Event "Wisla op"]
[Site "Wisla"]
[Date "2009.05.11"]
[Round "10"]
[White "Zajaczkowski, Gwidon"]
[Black "Bartosik, Lech"]
[Result "0-1"]
[WhiteElo "1739"]
[BlackElo "1803"]
[PlyCount "58"]
[EventDate "2009.05.04"]
[EventType "swiss"]
[EventRounds "11"]
[EventCountry "POL"]
[SourceTitle "EXT 2012"]
[Source "ChessBase"]
[SourceDate "2011.11.24"]
[SourceVersion "1"]
[SourceVersionDate "2011.11.24"]
[SourceQuality "1"]

1. f4 d5 2. Nf3 g6 3. e3 Bg7 4. c4 Nf6 5. Nc3 c5 6. cxd5 Nxd5 7. Bc4 e6 8. Qb3 Nxc3 9. bxc3 0-0 10. 0-0 Nc6 11. Be2 Nb4 12. cxb4 Bxa1 13. d4 cxd4 14. Ba3 d3 15. Bxd3 Bg7 16. Rd1 Qb6 17. Be4 Rd8 18. Rc1 Bd7 19. Bb2 Bxb2 20. Qxb2 Qxe3+ 21. Kh1 Qxe4 22. Qf6 Qf5 23. Qh4 f6 24. Nd4 g5 25. Qe1 Qd5 26. Rd1 Bc6 27. Rd2 Qe4 28. Re2 Qxd4 29. Rxe6 Re8 0-1

[Event "IPCA Wch-B 8th"]
[Site "Wisla"]
[Date "2007.05.23"]
[Round "9"]
[White "Bartosik, Lech"]
[Black "Milaszewski, Henryk"]
[Result "0-1"]
[WhiteElo "1918"]
[BlackElo "2014"]
[PlyCount "94"]
[EventDate "2007.05.15"]
[EventType "swiss"]
[EventRounds "9"]
[EventCountry "POL"]
[SourceTitle "EXT 2011"]
[Source "ChessBase"]
[SourceDate "2010.11.26"]
[SourceVersion "1"]
[SourceVersionDate "2010.11.26"]
[SourceQuality "1"]

1. e4 g6 2. d4 Bg7 3. c3 d6 4. Bc4 Nf6 5. Qe2 0-0 6. Bb3 c5 7. dxc5 dxc5 8. Be3 Nxe4 9. f3 Nd6 10. Bxc5 Na6 11. Be3 Qc7 12. Nd2 Bd7 13. Qf2 b6 14. Ne2 Nf5 15. 0-0 Nxe3 16. Qxe3 Nc5 17. Rad1 Rfd8 18. Rfe1 Nxb3 19. Nxb3 e5 20. f4 Bg4 21. Rxd8+ Rxd8 22. fxe5 Bxe5 23. Ng3 Bg7 24. Qg5 Rd1 25. Qe3 Rxe1+ 26. Qxe1 Be6 27. Ne2 Be5 28. g3 Bxb3 29. axb3 h5 30. Nd4 h4 31. Nf3 Bf6 32. Nxh4 Bxh4 33. gxh4 Qf4 34. Qf2 Qg4+ 35. Qg3 Qd1+ 36. Kg2 Qxb3 37. Qf2 a5 38. Qd2 Qe6 39. Kg3 Kh7 40. Kg2 Qg4+ 41. Kh1 Qxh4 42. Kg2 Qe4+ 43. Kg3 Qe5+ 44. Kg2 Kg7 45. Qd4 Qxd4 46. cxd4 Kf6 47. Kf3 Ke6 0-1